000 01052 a2200229 4500
001 54320
005 20260407155815.0
008 260407a1964 arg spa d
003 AR-UNSa-BCEJYS
040 _aAR-UNSa-BCEJYS
_bspa
_cAR-UNSa-BCEJYS
080 _a330.34(7/8)
_xDesarrollo Económico de América Latina
245 1 0 _aAmerica Latina
_pLa revolución económica y social actual
264 1 _aNew York :
_bMcGraw-Hill Book Company
_c1964
300 _a330 p.
_c23 cm.
505 _a1. La revolución económica - 2. Enfoque individual y colectivo del desarrollo económico - 3. Reforma agraria - 4. Monopolio - 5. Productos primarios - 6. La experiencia de cuatro mercancías.Cobre,azúcar,petróleo y café - 7. Inflación - 8. Integración económica - 9. Ayuda exterior - 10. La planificación económica nacional - 11. Revolución vieja y nueva
041 _aspa
942 _cBK
590 _aniveau_biblio:m niveau_hierar:0
100 1 _aPowelson, John P.
700 1 _aGarcia-Bernal Piñeiro, Ana
700 1 _aRieg García, Víctor
999 _c5484
_d5484